| 000 | 00446nam a2200145Ia 4500 | ||
|---|---|---|---|
| 008 | 151021s9999 xx 000 0 und d | ||
| 020 | _a9.7802737125e+012 | ||
| 050 | _aHD38.15.L37 2008 | ||
| 245 | _a_The Momentum Effect How to ignite exceptional Growth | ||
| 260 | _aBritain Pearson Education ltd 2008 | ||
| 300 | _axiii,289p:ill. | ||
| 500 | _aIncludes Index | ||
| 650 | _a_Industrial Management | ||
| 980 | _a^d20110210 10:25:14^okilerai | ||
| 999 |
_c6620 _d6620 |
||